| 000 | 01473 a2200217 4500 | ||
|---|---|---|---|
| 001 | 28802 | ||
| 005 | 20260407155557.0 | ||
| 008 | 260407a1979 arg spa d | ||
| 003 | AR-UNSa-BCEJYS | ||
| 040 |
_aAR-UNSa-BCEJYS _bspa _cAR-UNSa-BCEJYS |
||
| 080 |
_a657.23 _xCompensaciones. Correcciones. Ajustes (devaluación monetaria) |
||
| 245 | 1 | 0 |
_aAjuste por inflación contable e impositivo _pcontable(indexación)-impositivo(ley 21.894) |
| 264 | 1 |
_aBuenos Aires : _bEdiciones Macchi _c1979 |
|
| 300 |
_a623 p. _c23 cm. |
||
| 505 | _aParte I: Ajuste por inflación - contable(indexación):1. ¿A que se tiende en contabilidad? - 2. ¿Que problemas origina la inflación en la información contable? - 3. ¿Que soluciones ha proporcionado la doctrina? - 4. ¿Cómo se fundamenta y en que consiste la indexación de estados contables? - 5. ¿Que otros aspectos se vinculan con la indexación de estados contables? - 6. Aplicación práctica( método integral)- 7. Método simplifcado para la indexación de estados contables - Parte II: Ajuste por inflación - Impositivo (ley Nº 21.894): 1. Análisis de las normas legales y reglamentarias - 2. Comparaciones esquematicas del ajuste impositivo con el método de indexación total - 3. El tratamiento de las ganancias por exposición a la inflación. | ||
| 942 | _cBK | ||
| 590 | _aniveau_biblio:m niveau_hierar:0 | ||
| 100 | 1 | _aLuppi, Hugo Alberto | |
| 700 | 1 | _aLópez Santiso, Horacio | |
| 700 | 1 | _aPanagi, Luis Andres | |
| 999 |
_c1742 _d1742 |
||